000 00789nam a2200229Ia 4500
008 191130s2005##################000#0#eng##
020 _a9780231132190
022 _a2004055120
040 _aACL
_cACL
082 _a381.457451025747 MIC
100 _aMichel, John L
245 _aAntiquing New York : the guide to the antique dealers of New York City, Westchester, Long Island, and Upstate New York
_cJohn L. Michel and Barbara N. Michel
250 _a2nd ed
260 _aNew York
_bColumbia University Press
_c2005
300 _axiii, 169 p. : ill., maps ; 19 cm
500 _aIncludes index
650 _aAntique dealers - New York (State) - Directories
700 _aMichel, Barbara N
990 _a732782dbac10000c180b383949b2e066
991 _a314693
999 _c371329
_d371329